[Event "SapproSummer2019"]
[Site "?"]
[Date "2019.07.27"]
[Round "2.3"]
[White "Kikuchi, Akira"]
[Black "Nishimori, Toshiyuki"]
[Result "1-0"]
[WhiteElo "1695"]
[BlackElo "1797"]
[Annotator "Fritz 15 (30s)"]
[PlyCount "73"]
[SourceVersionDate "2019.07.27"]

{[%mdl 8256] B50: Sicilian: 2...d6, Miscellaneous} 1. e4 c5 2. Nf3 Nc6 3. Bd3
d6 4. c3 Nf6 5. Bc2 Bg4 6. h3 Bh5 7. d4 (7. Qe2 e5 8. g4 Bg6 9. d3 h5 10. g5
Nh7 11. Qe3 Be7 12. Rg1 Qd7 13. Nh4 Nf8 14. Qg3 Ne6 15. Be3 O-O-O 16. Nd2 Nf4
17. Bxf4 exf4 18. Qxf4 Qxh3 19. O-O-O Qd7 20. Bb3 Ne5 21. Nc4 Nxc4 {Bitoon,R 
(2436)-Wang,P (2469) Quezon City 2000 0-1 (36)}) 7... cxd4 8. cxd4 e6 $146 {
White has a very active position.} (8... Bxf3 9. gxf3 e6 10. d5 (10. Be3 d5 11.
a3 Qb6 12. Bb3 Be7 13. Nc3 Rd8 14. e5 Nd7 15. Rb1 Na5 16. Bc2 Nc4 17. Bc1 f5
18. h4 Rc8 19. Ne2 Qa5+ 20. Kf1 Qc7 21. Bd3 a6 22. Rh3 b5 23. Nf4 Qb6 24. Be3
g6 {Gerasimov,N (2355)-Saprikin,V (2259) Tula 2002 1-0 (42)}) 10... exd5 11.
exd5 Ne5 12. f4 Ned7 13. Nc3 Be7 14. Be3 O-O 15. O-O Nb6 16. Kh2 Rc8 17. Rg1
Rxc3 18. bxc3 Nbxd5 19. Bd2 Qc7 20. Qf3 Rc8 21. Rg5 Qc6 22. Qg3 Bf8 23. Rg1 {
Bezgodov,A (2518)-Kazancev,V (2343) Samara 2002 1-0 (35)}) (8... d5 9. e5 Ne4
10. e6 fxe6 11. g4 Bf7 12. Nc3 h5 13. Nxe4 dxe4 14. Bxe4 hxg4 15. Ng5 e5 16.
Nxf7 Kxf7 17. Qb3+ Kf6 18. h4 g6 19. Qxb7 Nxd4 20. Qxa8 Nc2+ 21. Ke2 {1-0 (21)
Antal,G (2526)-Wittmann,W (2303) Budapest 2010}) 9. Nc3 Be7 {Black has a
cramped position} 10. Be3 a6 {Prevents intrusion on b5} 11. O-O {White has a
very active position} O-O {Black has a cramped position} 12. Rc1 h6 {White has
an active position} 13. a3 {White has a very active position} b5 {White has an
active position} 14. Qe2 d5 (14... Rc8 $5 $11 {might be a viable alternative})
15. e5 $16 Nd7 (15... Ne8 $5 $16) 16. g4 $18 Bg6 17. Bxg6 fxg6 {[%tqu "En","",
"","","c3d5","",10]} 18. Nxd5 $1 {Discovered attack: c3, Rc1xc6} Nxd4 $4 {
sad, but how else could Black save the game?.} (18... exd5 19. Rxc6 {
Discovered attack}) 19. Nxe7+ $18 Qxe7 20. Nxd4 Nxe5 {[%tqu "En","","","",
"e3h6","",10]} 21. Bxh6 $1 {Decoy: h6} Nc4 (21... gxh6 22. Qe3 {Decoy Double
attack} (22. Qxe5 {Discovered attack})) 22. Be3 (22. b3 {makes it even easier
for White} gxh6 23. bxc4 Qf6 24. Qxe6+ Qxe6 25. Nxe6 Rf3 $18) 22... e5 23. Nb3
Qh4 24. Kg2 e4 25. Bc5 Rf3 26. Rh1 Rxb3 (26... Rd8 {doesn't improve anything}
27. Qxe4 Rdd3 28. Qxf3 Rxf3 29. Kxf3 Nxb2 30. Ke2 $18) 27. Qxe4 (27. Rxc4 $142
{keeps an even firmer grip} e3 28. Rf4 $18) 27... Rd8 $4 {the final mistake,
not that it matters anymore} (27... Rb8 28. Be7 Qh6 $18) 28. Rxc4 (28. Be7 $142
{might be the shorter path} Ne3+ 29. Qxe3 Rxe3 30. Bxh4 $18) 28... Kh7 (28...
Rxb2 {there is nothing else anyway} 29. Rb4 Qf6 30. Rxb2 Qxb2 $18) 29. Rb4 (29.
Be7 $142 {seems even better} Qg3+ 30. fxg3 Rd2+ 31. Kf1 bxc4 $18) 29... Rbd3 (
29... Rxb4 {cannot change what is in store for White} 30. Bxb4 Qf6 31. Be7 $18)
30. Rd4 (30. Be7 $142 {and White has it in the bag} R8d4 31. Bxh4 Rxe4 32. Rxe4
$18) 30... R3xd4 31. Bxd4 Rf8 (31... Qg5 {does not win a prize} 32. Rd1 $18)
32. Re1 (32. Rc1 $142 $5 {and White can already relax} Rf7 33. Rc6 Qg5 $18)
32... Qd8 33. Bc3 Qb6 (33... Qd7 $18 {cannot undo what has already been done})
34. Bd4 {White threatens to win material: Bd4xb6} Qb8 $4 {ignoring the path to
victory} (34... Qd8 35. Qe7 Qd5+ 36. Kg1 Rf7 37. Qh4+ Kg8 38. Re8+ Rf8 $18) 35.
Qe7 Qa8+ (35... Rxf2+ {does not win a prize} 36. Bxf2 Qa8+ 37. Re4 Kg8 38. Bd4
Qf8 39. Qb7 Kh7 40. Re8 Qf1+ 41. Kxf1 Kh6 42. Qe7 Kh7 43. Qxg7#) 36. Kg1 Rg8 (
36... Rf7 {is not much help} 37. Qxf7 Qg8 38. Qd7 a5 39. Re8 Qf8 40. Rxf8 Kh6
41. Bxg7+ Kh7 42. Rh8#) 37. Qh4# 1-0

[Event "SapproSummer2019"]
[Site "?"]
[Date "2019.07.27"]
[Round "2.5"]
[White "Ito, Katsuhide"]
[Black "Kobayashi, Katsuhiko"]
[Result "1-0"]
[WhiteElo "1312"]
[BlackElo "1539"]
[Annotator "Fritz 15 (30s)"]
[PlyCount "89"]
[SourceVersionDate "2019.07.27"]

{[%mdl 8192] C01: French: Exchange Variation} 1. e4 e6 2. d4 Bb4+ $146 (2... b5
3. Bxb5 Bb7 4. Qe2 f5 5. Bd3 Nf6 6. Bg5 c5 7. dxc5 fxe4 8. Bxe4 Bxe4 9. Bxf6
Qxf6 10. Qxe4 Qxb2 11. Qxa8 Bxc5 12. Ne2 O-O 13. O-O Qxa1 14. Qb7 Bb6 15. Nd2
Qxa2 16. Qe4 Qa5 17. Qd3 {Soylu,S (2380)-Kotronias,V (2425) Kavala 1985 0-1 
(46)}) (2... Ne7 3. Nf3 g6 4. h4 h6 5. Bf4 Bg7 6. Qd2 d5 7. Nc3 c6 8. O-O-O Nd7
9. Bd3 a6 10. Rhe1 b5 11. Kb1 Bb7 12. exd5 cxd5 13. Ne2 Qb6 14. Nc1 a5 15. Qe3
a4 16. Ne5 b4 17. Nxd7 {Sveshnikov,E (2565)-Zorman,V (2335) Ljubljana 1996 1-0
(40)}) (2... g5 3. Be3 h5 4. Qd2 Be7 5. Nc3 d6 6. O-O-O Nd7 7. h4 gxh4 8. Nf3
a6 9. e5 b5 10. Bd3 Nb6 11. a3 Nc4 12. Bxc4 bxc4 13. d5 Rb8 14. Qd4 dxe5 15.
Nxe5 Bf6 16. f4 Nh6 17. Qxc4 {Kiik,K (2380)-Kiltti,J (2225) Naantali 1997 1-0})
(2... Nf6 3. e5 Nd5 4. c4 Nb6 5. Be3 d5 6. exd6 cxd6 7. Nf3 Be7 8. Be2 O-O 9.
O-O Nc6 10. Nc3 Bd7 11. Rc1 Kh8 12. Qd2 Rc8 13. Rfd1 f6 14. b3 d5 15. c5 Na8
16. a3 Nc7 17. b4 {Schmitzer,K (2305)-Kuban,G (2260) Hessen 1990 1/2-1/2 (67)})
(2... f5 3. exf5 exf5 4. Bd3 g6 5. Nf3 Qe7+ 6. Kf1 Nf6 7. Nc3 Bg7 8. Bg5 c6 9.
Qd2 O-O 10. Re1 Qd8 11. h4 d6 12. h5 Re8 13. hxg6 hxg6 14. Ne2 Nbd7 15. Nh4 Nf8
16. g4 N8h7 17. Nxg6 {Sveshnikov,E (2515)-Trajkovic,D (2230) Pula 1990 1-0}) (
2... d5 3. exd5 exd5 4. Nc3 $11) 3. c3 $14 {White threatens to win material:
c3xb4} Be7 4. Nf3 {Black's piece can't move: c8} Nf6 {Black threatens to win
material: Nf6xe4} 5. Bd3 O-O 6. O-O Nc6 {Black's piece can't move: c8} 7. Nbd2
b6 8. b4 Bb7 9. Bb2 d5 10. e5 {White gains space} Ne4 (10... Nh5 $5 $14 {
is worthy of consideration}) 11. Nxe4 $16 dxe4 12. Bxe4 Ba6 $4 {but even a
better move would not have saved the game} (12... Qc8 $142 $16) 13. Bxc6 $18
Bxf1 14. Bxa8 (14. Qxf1 $5 {keeps an even firmer grip} Qc8 $18) 14... Bxg2 15.
Bc6 Bh3 16. Qd3 Bh4 (16... Qc8 {does not solve anything} 17. Nd2 Bf5 18. Ne4
$18) 17. Qe4 (17. a4 {might be the shorter path} Bf5 18. Qe2 Bg4 $18) 17... Bg5
18. Bc1 Bf5 19. Bxg5 (19. Qe1 $142 {and White takes home the point} Bxc1 20.
Qxc1 $18) 19... Bxe4 $16 20. Bxd8 (20. Bxe4 $5 Qd7 21. a4 $16) 20... Bxc6 $11
21. Bxc7 Bxf3 22. Bd6 {White threatens to win material: Bd6xf8} Rc8 {Black
threatens to win material: Rc8xc3} 23. Rc1 b5 24. Bc5 a6 25. c4 bxc4 26. Rxc4 {
White has a new backward pawn: d4.} Bd5 {A comfortable square for the black
bishop} 27. Rc2 f6 28. exf6 gxf6 29. a3 Kf7 30. Rc3 Re8 31. Bd6 (31. f3 h5 $14)
31... e5 (31... Rd8 $5 32. Rc7+ Kg6 $11) 32. dxe5 $16 fxe5 33. Rc7+ (33. Kf1
Kf6 $16) 33... Ke6 $14 {Black threatens to win material: Ke6xd6} 34. Bc5 {
A classical outpost} Rg8+ 35. Kf1 Bc4+ 36. Ke1 Rg1+ 37. Kd2 Rg8 (37... Ra1 $5
$16) 38. Rxh7 Rd8+ 39. Ke3 Rd3+ 40. Ke4 Rxa3 41. Re7+ Kf6 42. Rxe5 Bd3+ (42...
Rh3 $5 $16) 43. Kf4 $18 Ra2 44. Bd4 Bg6 $4 {terrible, but the game is lost in
any case} (44... Kf7 $142 $18) 45. Re2+ (45. Re2+ Kf7 46. Rxa2 Bd3 47. Ke5 Ke7
48. f4 Kf7 49. f5 Ke8 50. Ra5 Bc4 51. f6 Kf8 52. Rc5 Bb3 53. h4 Ke8 54. h5 Ba2
55. Rc7 Bb3 56. h6 Kd8 57. Kd6 Bf7 58. Rxf7 Ke8 59. Rd7 Kf8 60. h7 a5 61. h8=Q#
) 1-0

[Event "SapproSummer2019"]
[Site "?"]
[Date "2019.07.27"]
[Round "3.2"]
[White "Watanabe, Katsumi"]
[Black "Kikuchi, Akira"]
[Result "1/2-1/2"]
[WhiteElo "1733"]
[BlackElo "1695"]
[Annotator "Fritz 15 (30s)"]
[PlyCount "98"]
[SourceVersionDate "2019.07.27"]

{E21: Nimzo-Indian: 4 Nf3} 1. c4 Nf6 2. Nc3 e6 3. Nf3 b6 4. g3 Bb7 5. Bg2 Bb4
6. O-O O-O 7. d4 Bxc3 8. bxc3 {White has the pair of bishops} Ne4 $146 {
Black threatens to win material: Ne4xc3} (8... Re8 9. Re1 (9. Bg5 d6 10. e3
Nbd7 11. a4 a5 12. Nd2 Bxg2 13. Kxg2 e5 14. Ne4 h6 15. Bxf6 Nxf6 16. Nxf6+ Qxf6
17. Rb1 Qf5 18. Rb5 Rad8 19. Qb1 {1/2-1/2 (19) Schmidt,W (2430)-Keene,R (2465)
Rome 1979}) 9... d6 10. Qc2 Be4 11. Qb3 Nc6 12. Bf1 e5 13. dxe5 Nxe5 14. Nxe5
Rxe5 15. Bf4 Re8 16. f3 Bb7 17. Rad1 Nd7 18. e4 Qf6 19. Bg2 Ne5 20. Rd2 Re7 21.
Red1 Bc6 22. Rf2 Rae8 23. Bf1 {Bogoljubow,E-Nimzowitsch,A Karlsbad 1929 0-1 
(50)}) (8... Be4 9. Re1 Nc6 10. Bf1 d5 11. Bg5 h6 12. Bxf6 Qxf6 13. Nd2 Bg6 14.
Bg2 Rad8 15. cxd5 exd5 16. e4 dxe4 17. Nxe4 Qf5 18. h4 Ne5 19. Nd2 Nd3 20. Re2
c5 21. Be4 Qf6 22. Bxg6 Qxg6 23. Nf3 {Ribli,Z (2585)-Garcia Gonzales,G (2520)
Linares 1981 1/2-1/2 (58)}) (8... Qc8 9. Re1 d6 10. a4 Ne4 11. Qc2 f5 12. Nh4
Nc6 13. f3 Nf6 14. Bh3 Qe8 15. d5 Ne5 16. dxe6 Qxe6 17. Qxf5 Qxc4 18. Qe6+ Kh8
19. Qxc4 Nxc4 20. e4 Rae8 21. Bg5 Re5 22. Bf4 Rc5 23. Bf1 {Miladinovic,I (2565)
-Vallejo Pons,F (2415) Saint Vincent 1998 1/2-1/2 (61)}) (8... d6 9. Re1 $11)
9. Qc2 f5 10. Bf4 d6 {Controls e5} (10... Nc6 11. d5 Na5 12. dxe6 dxe6 13. Ne5
$11) 11. Rad1 (11. Ng5 Qe8 $14) 11... Nd7 $11 12. d5 {White threatens to win
material: d5xe6} (12. Bc1 Qe8 $11) 12... e5 $15 {Black threatens to win
material: e5xf4} 13. Bc1 Ndf6 14. Bg5 (14. Ng5 Nxg5 15. Bxg5 h6 $11) 14... Bc8
15. Bxf6 Nxf6 16. Nd2 Bd7 17. e4 fxe4 18. Nxe4 Nxe4 19. Bxe4 {The bishop feels
good on e4} g6 {Consolidates f5} 20. h4 (20. Bxg6 hxg6 21. Qxg6+ Kh8 22. Qh6+
Kg8 23. Qg6+ Kh8 24. Qh6+ Kg8 25. Qg6+ $11) 20... Bf5 $15 21. Rfe1 Qf6 22. Qd2
Rf7 23. Qg5 (23. Bg2 Bg4 24. Rb1 Raf8 $15) 23... Raf8 24. Qxf6 Rxf6 25. Bg2 Bg4
26. Rd2 Kg7 27. Rf1 Bc8 28. Rb1 a5 29. Be4 Bf5 30. Re1 (30. Bxf5 Rxf5 31. Kg2
Rf3 $17) 30... Bxe4 31. Rxe4 Rf3 32. Rc2 R8f7 (32... Rd3 $5 $17) 33. Kg2 Rf8
34. Re3 $4 {not a good decision, because now the opponent is right back in the
game} (34. Kg1 Rd3 35. c5 bxc5 36. Ra4 $17) 34... R3f7 (34... Rxe3 $142 {
Black missed this excellent chance} 35. fxe3 e4 $19) 35. f3 $15 h5 36. Rf2 Rf6
37. Re4 R8f7 38. f4 exf4 39. Rexf4 Rf5 40. R2f3 R7f6 41. Kf2 Kf7 42. Ke3 Re5+
43. Kd2 Rxf4 44. gxf4 (44. Rxf4+ Kg7 $11) 44... Rf5 (44... Re4 $142 $5 45. Kd3
Re1 $17) 45. Ke3 $11 Kf6 46. Ke4 Kf7 47. Rg3 Kf6 48. Rg5 Rxg5 49. fxg5+ Ke7
1/2-1/2

[Event "SapproSummer2019"]
[Site "?"]
[Date "2019.07.27"]
[Round "3.3"]
[White "Sato, Yasuji"]
[Black "Ito, Katsuhide"]
[Result "1-0"]
[WhiteElo "1452"]
[BlackElo "1312"]
[Annotator "Fritz 15 (30s)"]
[PlyCount "67"]
[SourceVersionDate "2019.07.27"]

{[%mdl 8192] B22: Sicilian: 2 c3} 1. e4 c5 2. Nf3 Nc6 3. c3 Nf6 {Black
threatens to win material: Nf6xe4} 4. Bc4 $146 (4. Qe2 d6 5. g3 g6 6. Bg2 Bg7
7. O-O O-O 8. h3 e5 9. d3 Ne8 10. Ne1 f5 11. exf5 Bxf5 12. Be3 Qd7 13. Kh2 Nc7
14. Na3 b6 15. Qd2 Be6 16. Nac2 Bd5 17. f3 b5 18. Bh6 Bxh6 {Zupe,M (2280)
-Zueger,B (2335) Caorle 1982 1-0 (60)}) (4. Qc2 g6 5. Be2 Bg7 6. O-O e5 7. d3
O-O 8. Be3 Qe7 9. Nbd2 h6 10. h3 d5 11. exd5 Nxd5 12. a4 Nd4 13. Qd1 Nxe3 14.
fxe3 Nf5 15. Nc4 e4 16. dxe4 Ng3 17. Re1 Nxe4 18. Bd3 f5 {Skatchkov,P (2370)
-Sherbakov,R (2580) Ekaterinburg 1997 0-1 (72)}) (4. d3 e5 (4... g6 5. Nbd2 Bg7
6. Be2 O-O 7. O-O d6 8. Re1 e5 9. a3 Ne8 10. b4 Nc7 11. Bb2 Be6 12. Bf1 a5 13.
bxc5 dxc5 14. a4 Ne8 15. Nb1 Nd6 16. c4 f6 17. Nc3 Nb4 18. Bc1 Nf7 19. Be3 {
Hickl,J (2450)-Zueger,B (2400) Munich 1987 1/2-1/2}) 5. Be2 (5. Nbd2 Be7 6. g3
O-O 7. Bg2 Rb8 8. O-O b5 9. d4 cxd4 10. cxd4 d6 11. d5 Nb4 12. Ne1 a5 13. a3
Na6 14. Nd3 Qb6 15. Kh1 Bd7 16. b4 Rfc8 17. Bb2 Bg4 18. f3 Bd7 19. Re1 Rc7 {
Moldovan,D (2435)-Bogdan,D (2290) Bucharest 1993 1-0 (38)}) 5... d5 6. Nbd2 Be7
7. O-O O-O 8. Re1 d4 9. cxd4 cxd4 10. Nc4 Qc7 11. a4 Be6 12. b3 a6 13. Ng5 Bxc4
14. bxc4 b5 15. axb5 axb5 16. Rxa8 Rxa8 17. cxb5 Nd8 18. Qb3 Qa5 {Viskic,P 
(2240)-Jukic,M (2460) Pula 1998 1/2-1/2}) (4. e5 Nd5 $11) 4... e6 {
Consolidates d5} (4... Nxe4 5. d3 Nf6 6. O-O $17) 5. O-O (5. e5 d5 6. Be2 Nd7
$11) 5... Be7 (5... Nxe4 $142 $5 6. d3 Nf6 $17) 6. e5 $11 Ng4 (6... Nd5 7. d4
d6 8. exd6 Qxd6 9. dxc5 Qxc5 10. Qe2 $11) 7. d4 $14 O-O (7... d5 8. Bd3 $14) 8.
h3 $16 Nh6 9. Bxh6 gxh6 10. Bd3 (10. d5 $142 exd5 11. Bxd5 $16) 10... Bg5 $2 (
10... cxd4 11. cxd4 d5 12. Nc3 $14) 11. Qc2 (11. Nxg5 $5 Qxg5 12. f4 Qh4 13.
dxc5 Qe7 $18) 11... f5 12. exf6 (12. dxc5 Qe7 $16) 12... Qxf6 (12... cxd4 13.
Bxh7+ Kh8 14. Nxg5 hxg5 15. Be4 Qxf6 16. Bxc6 bxc6 17. cxd4 Qxd4 18. Nc3 $16)
13. Nbd2 (13. Bxh7+ $142 $5 Kh8 14. dxc5 $16) 13... cxd4 $14 14. Ne4 {White
threatens to win material: Ne4xf6} Qe7 15. Nexg5 hxg5 16. Rfe1 (16. Nxd4 Rf4
$14) 16... d6 {Secures e5} (16... dxc3 17. bxc3 Qg7 $11) 17. cxd4 (17. Nxd4
$142 Nxd4 18. cxd4 $16) 17... e5 $4 {forfeits the advantage} (17... Rxf3 $142 {
was much better} 18. gxf3 Nxd4 $15) 18. dxe5 $18 Rxf3 $2 (18... dxe5 19. Be4
$18) 19. gxf3 (19. exd6 $142 {keeps an even firmer grip} Qg7 20. gxf3 Bxh3 21.
Be4 $18) 19... Nd4 $4 {Black falls apart} (19... Nxe5 $142 20. Be4 Bxh3 $18)
20. Qc4+ $18 Ne6 21. exd6 Qxd6 (21... Qf6 {does not help much} 22. Qe4 Kf8 23.
Bc4 $18) 22. Bf5 Kf7 (22... b5 {hardly improves anything} 23. Bxe6+ Bxe6 24.
Qxe6+ Qxe6 25. Rxe6 $18) 23. Rad1 Qe7 (23... Qc6 {does not save the day} 24.
Qb3 Kf6 25. Rc1 Kxf5 26. Rxc6 bxc6 27. Qd3+ Kf6 28. Qc3+ Kf7 29. Qxc6 $18) 24.
Qc2 (24. Qd5 a5 25. Rc1 $18) 24... Qf6 (24... Kg7 {doesn't change the outcome
of the game} 25. Qc3+ Qf6 26. Bxe6 Qxc3 27. bxc3 Bxe6 28. Rxe6 $18) 25. Bxe6+ (
25. Rd6 Kg8 26. Rexe6 Bxe6 27. Bxe6+ Kf8 28. Qxh7 Qg7 29. Qf5+ Ke8 30. Bc4 a6
31. Qe6+ Kf8 32. Rd7 Rb8 33. Qf5+ Ke8 34. Bf7+ Qxf7 35. Qxf7#) 25... Bxe6 $18
26. Qxh7+ Kf8 27. Qe4 (27. Rd6 {seems even better} Re8 28. Qe4 Kf7 29. Qxb7+
Re7 $18) 27... Re8 (27... Bxh3 28. Qb4+ Kg8 $18) 28. Rd6 Kf7 29. Qxb7+ Kg6 (
29... Re7 {is one last hope} 30. Qe4 a5 $18) 30. Qa6 Kf7 31. Qxa7+ Re7 32. Qb6
(32. Qa6 Qf5 33. Rdxe6 Rxe6 34. Rxe6 Qxe6 35. Qxe6+ Kxe6 36. Kg2 Kf5 37. Kg3
Kf6 38. Kg4 Ke7 39. Kxg5 Kd6 40. a4 Kc5 41. h4 Kc4 42. h5 Kb4 43. b3 Kc5 44. h6
Kb4 45. h7 Kxb3 46. a5 Kc2 47. a6 Kd3 48. a7 Kc4 49. a8=Q Kc5 50. h8=Q Kc4 51.
Qa3 Kb5 52. Qc8 Kb6 53. Qac5#) 32... g4 33. Rexe6 Rxe6 (33... Qxe6 {is not
much help} 34. Rxe6 Rxe6 35. Qxe6+ Kxe6 36. fxg4 Kd5 37. h4 Ke6 38. a4 Kd6 39.
h5 Kd5 40. h6 Kc4 41. h7 Kb4 42. a5 Kxa5 43. h8=Q Kb6 44. Qe5 Kb7 45. g5 Kb6
46. g6 Kb7 47. Qd6 Ka8 48. Qe7 Kb8 49. g7 Kc8 50. g8=Q#) 34. Rxe6 (34. Rxe6
Qxe6 35. Qxe6+ Kxe6 36. fxg4 Kd5 37. h4 Ke6 38. a4 Kd6 39. h5 Ke6 40. a5 Kd5
41. h6 Kc4 42. a6 Kd4 43. h7 Ke4 44. h8=Q Kd5 45. a7 Kc5 46. Qd8 Kc4 47. a8=Q
Kb5 48. Qda5+ Kc4 49. Q8d5#) 1-0

[Event "SapproSummer2019"]
[Site "?"]
[Date "2019.07.27"]
[Round "3.4"]
[White "Nishimori, Toshiyuki"]
[Black "Takeuchi, Hiroshi"]
[Result "0-1"]
[WhiteElo "1797"]
[BlackElo "1330"]
[Annotator "Fritz 15 (30s)"]
[PlyCount "60"]
[SourceVersionDate "2019.07.27"]

{[%mdl 8192] B07: Pirc Defence: Miscellaneous Systems} 1. e4 d6 2. d4 Nf6 3.
Nc3 g6 4. Be3 Bg7 5. Bc4 (5. Nge2 O-O 6. f3 e5 7. dxe5 dxe5 8. Qxd8 Rxd8 9. Nb5
Na6 10. c3 b6 11. a4 Nd7 12. Nc1 Bf8 13. Be2 Kg7 14. Kf2 c6 15. Na3 Ndc5 16.
Nc4 f6 17. b4 Ne6 18. g3 Nac7 19. Nb3 Bb7 {Kruppa,Y (2545)-Berelowitsch,A 
(2490) Sochi 1994 1-0 (40)}) (5. e5 Nfd7 6. e6 fxe6 7. Qd2 Nf6 8. Nf3 Nc6 9.
O-O-O a6 10. h4 b5 11. Bh6 Bxh6 12. Qxh6 Kd7 13. Qe3 Qg8 14. g3 Kd8 15. Bh3 {
1-0 (15) Pasiev,R (2384)-Byambaa,Z (2285) Khanty-Mansiysk 2013}) 5... O-O 6.
Qd2 $146 (6. f3 c6 7. Qd2 d5 8. Bb3 dxe4 9. Nxe4 Nbd7 10. O-O-O a5 11. a3 b5
12. Bh6 b4 13. a4 Qc7 14. Nxf6+ Nxf6 15. h4 c5 16. dxc5 Ba6 17. h5 Rfd8 18. Qg5
Rxd1+ 19. Kxd1 Rd8+ 20. Kc1 Bxh6 {Pritchett,C (2340)-Kagan,S (2425) Havana
1966 1-0 (32)}) 6... c6 {Prevents intrusion on b5} 7. Nf3 {Black has a cramped
position} Nbd7 {Black has a cramped position. Black's piece can't move: c8} 8.
Bh6 e5 9. Bxg7 Kxg7 10. O-O-O (10. a4 $142 $11) 10... d5 (10... b5 $142 $5 {
must definitely be considered} 11. dxe5 dxe5 $11) 11. dxe5 (11. exd5 e4 12. Ne5
cxd5 13. Nxd5 Nxd5 14. Bxd5 Nf6 $16) 11... dxc4 $14 12. exf6+ Qxf6 13. h4 h5
14. Ng5 Ne5 (14... Qe7 $5 $14 {should be examined more closely}) 15. f4 $16 Ng4
16. e5 Qe7 17. Nce4 Bf5 18. Nd6 a5 (18... Be6 19. Nxe6+ fxe6 20. g3 $16) 19.
Nxc4 (19. Nxf5+ gxf5 20. Qd7 Qxd7 21. Rxd7 Kg8 $18) 19... Qc5 (19... Be6 20.
Nb6 Rad8 21. Qxa5 $16) 20. Qd4 (20. Nd6 $142 Nh6 21. Nxb7 $18) 20... Qb4 $4 {
an oversight. But Black was lost anyway.} (20... Qxd4 21. Rxd4 Rae8 22. Nd6 $16
) 21. Nd6 (21. e6+ $142 {finishes off the opponent} Nf6 22. a3 $18) 21... c5
22. Nxf5+ gxf5 23. Qxb4 (23. Qd2 $5 Rfd8 24. Qxb4 cxb4 25. Rxd8 Rxd8 26. e6 $18
) 23... axb4 $16 24. Rd7 Rxa2 25. Kb1 $4 {simply marches past the door to
victory} (25. Re1 $142 Kg6 26. Rxb7 $16) 25... Rfa8 $19 26. Rxf7+ (26. c4 {
doesn't improve anything} Ra1+ 27. Kc2 Rxh1 $19) 26... Kg8 27. c4 (27. Kc1 {
cannot change destiny} Ra1+ 28. Kd2 Rxh1 $19) 27... Ra1+ (27... Ne3 28. Kc1
Nxc4 29. Kc2 Rxb2+ 30. Kd3 b5 31. Rxf5 Rd8+ 32. Ke4 Rd4+ 33. Kf3 Rb3+ 34. Kf2
Rd2+ 35. Kg1 Ne3 36. Rf8+ Kxf8 37. Ne6+ Ke7 38. Kh2 Ng4+ 39. Kg1 Rb1#) 28. Kc2
$19 Rxh1 29. e6 (29. Rxb7 Ne3+ 30. Kd2 Rb1 31. Kxe3 Rxb2 $19) 29... Rh2 30.
Rxf5 (30. Kd3 {the last chance for counterplay} Rxg2 31. Rxf5 $19) 30... Ne3+ (
30... Ne3+ 31. Kd3 Nxf5 $19) 0-1